000
00188nam a2200085Ia 4500
008
250605s9999 xx 000 0 und d
041
_a
eng
100
_a
Ankita Ghosh
245
_a
Group Carnival
999
_c
45830
_d
45830